Langues Duolingo - Statistiques

Statistiques générales
  • Ce quiz a été pris 97 fois
  • Le résultat moyen est 4 sur 5
Statistiques - réponses
Réponse % Correct
Espagnol
97%
Anglais
96%
Allemand
90%
Italien
87%
Portugais
78%
Aucun quiz correspondant
Distribution des résultats
% des personnes avec chaque résultat
Percentile par nombre de réponses
Votre historique - résultats
Vous n’avez pas pris ce quiz